Kendrick Lamar Discography (Hard) - Statistics

General Stats
  • This quiz has been taken 99 times
  • The average score is 8 of 13
Answer Stats
Year Type Name % Correct
2017 Solo Album Damn
97%
2015 Solo Album To Pimp A Butterfly
94%
2012 Solo Album Good Kid, M.A.A.D City
92%
2022 Solo Album Mr. Morale & The Big Steppers
92%
2016 Compilation Album Untitled Unmastered
87%
2011 Solo Album Section.80
86%
2010 Mixtape Overly Dedicated
79%
2009 Mixtape C4
38%
2018 Soundtrack Album Black Panther: The Album
31%
2009 EP Kendrick Lamar EP
29%
2005 Mixtape Training Day
26%
2007 Mixtape No Sleep 'Til NYC
23%
2004 Mixtape Y.H.N.I.C. (Hub City Threat: Minor Of The Year)
14%
No matching quizzes found
Score Distribution
Percent of People with Each Score
Percentile by Number Answered
Your Score History
You have not taken this quiz